Método actual de la sustanciación civil y criminal en la jurisdicción real ordinaria (Record no. 158889)

MARC details
000 -LEADER
campo de control de longitud fija 01668nam a22002415i 4500
001 - NÚMERO DE CONTROL
campo de control 158889
003 - IDENTIFICADOR DE NÚMERO DE CONTROL
campo de control ES-MaACL
005 - FECHA Y HORA DE LA ÚLTIMA TRANSACCIÓN
campo de control 20250921063034.0
008 - DATOS DE LONGITUD FIJA--INFORMACIÓN GENERAL
campo de control de longitud fija 990701s1839 sp |||| | spa d
040 ## - FUENTE DE CATALOGACIÓN
Centro catalogador/agencia de origen CLM
Lengua de catalogación spa
Centro/agencia transcriptor CCPB | 3D
100 1# - ENTRADA PRINCIPAL--NOMBRE DE PERSONA
Nombre de persona Martín Carramolino, Juan,
Fechas asociadas al nombre 1805-1884
9 (RLIN) 77431
245 10 - MENCIÓN DEL TÍTULO
Título Método actual de la sustanciación civil y criminal en la jurisdicción real ordinaria
Resto del título : o compilación lógica y metódica por el orden de materias, y de las atribuciones de cada funcionario en la administración de justicia, que comprende todos los procedimientos judiciales, dictados o restablecidos desde la publicación del Reglamento provisional de 1835 hasta fin de diciembre de 1838 /
Mención de responsabilidad, etc. publícalo Juan Martín Carramolino.
250 ## - MENCION DE EDICION
Mención de edición 2ª ed.
260 ## - PUBLICACIÓN, DISTRIBUCIÓN, ETC.
Lugar de publicación, distribución, etc. Madrid :
Nombre del editor, distribuidor, etc. [s.n.],
Fecha de publicación, distribución, etc. 1839 (
Fabricante Imprenta del Colegio de Sordo-Mudos)
300 ## - DESCRIPCIÓN FÍSICA
Extensión 240 p. ;
Dimensiones 22 cm.
505 8# - NOTA DE CONTENIDO CON FORMATO
Nota de contenido con formato Contiene: Cuaderno 1. Comprende toda la sustanciación en el grado de Primera Instancia -- Cuaderno 2. Comprende la sustanciación de todas las instancias y demás recursos ordinarios y extraordinarios, de que conocen las audiencias territoriales -- Cuaderno 3. Comprende la sustanciación de las las instancias, negocios y recursos ordinarios y extraordinarios reservados al Tribunal Supremo de Justicia
530 ## - NOTA DISPONIBLE DE FORMULARIO FÍSICO ADICIONAL
Nota de formato físico adicional disponible Disponible en formato digital.
650 #4 - PUNTO DE ACCESO ADICIONAL DE MATERIA--TÉRMINO DE MATERIA
Término de materia o nombre geográfico como elemento de entrada Procedimiento civil-
Subdivisión geográfica España-
Subdivisión de forma Legislación.
9 (RLIN) 16422
650 #4 - PUNTO DE ACCESO ADICIONAL DE MATERIA--TÉRMINO DE MATERIA
Término de materia o nombre geográfico como elemento de entrada Procedimiento penal-
Subdivisión geográfica España-
Subdivisión de forma Legislación.
9 (RLIN) 16431
852 ## - LOCALIZACIÓN
Ubicación ES-MaACL
Número de control de estantería G-13028(1)
Nota libre -- Enc. pasta
856 ## - LOCALIZACIÓN Y ACCESO ELECTRÓNICOS
Identificador Uniforme de Recursos <a href="http://bdh-rd.bne.es/viewer.vm?id=0000147607&page=1 ">http://bdh-rd.bne.es/viewer.vm?id=0000147607&page=1 </a>
Nota pública Biblioteca Digital Hispánica
Holdings
Estatus retirado Estado de pérdida Estado de daño No para préstamo Colección Biblioteca de origen Biblioteca actual Ubicación en estantería Fecha de adquisición Fuente de adquisición Total de préstamos Signatura topográfica completa Código de barras Visto por última vez Precio de reemplazo Tipo de ítem Koha
        Colección digital Biblioteca del Ateneo de Madrid Biblioteca del Ateneo de Madrid Sala Pecera Planta 3 17/01/2008     G-13028(1) 1166305 23/02/2023 23/02/2023 Libro impreso antiguo